Statistics for Best NFL rookie QB seasons

Click here to take the quiz!

General Stats

  • This quiz has been taken 32 times
  • The average score is 4 of 10

Answer Stats

HintAnswer% Correct
2011newton
69%
98manning
66%
04roethlisberger
55%
2012luck
52%
83marino
41%
2012wilson
41%
08ryan
34%
2015winston
17%
2012rg3
10%
2011dalton
3%

Score Distribution

Percentile by Number Answered

Percent of People with Each Score

Your Score History

You have not taken this quiz